Mānava mattu prakr̥ti. (Record no. 69295)

MARC details
000 -LEADER
fixed length control field 00549cam a22002171 4500
001 - CONTROL NUMBER
control field sa 66004256
003 - CONTROL NUMBER IDENTIFIER
control field DLC
005 - DATE AND TIME OF LATEST TRANSACTION
control field 20260227112241.0
008 - FIXED-LENGTH DATA ELEMENTS--GENERAL INFORMATION
fixed length control field 900829s1964 ii 000 0 kano
010 ## - LIBRARY OF CONGRESS CONTROL NUMBER
LC control number sa 66004256
035 ## - SYSTEM CONTROL NUMBER
System control number (OCoLC)22291954
040 ## - CATALOGING SOURCE
Original cataloging agency DLC
Transcribing agency WaU
Modifying agency DLC
042 ## - AUTHENTICATION CODE
Authentication code premarc
050 00 - LIBRARY OF CONGRESS CALL NUMBER
Classification number BL1215.M3
Item number S5
100 1# - MAIN ENTRY--PERSONAL NAME
Personal name Siddhappārādhya, Ṭī. Jī.
245 10 - TITLE STATEMENT
Title Mānava mattu prakr̥ti.
260 ## - PUBLICATION, DISTRIBUTION, ETC.
Date of publication, distribution, etc. 1964.
300 ## - PHYSICAL DESCRIPTION
Extent viii, 97 p.
Dimensions 17 cm.
500 ## - GENERAL NOTE
General note In Kannada.
650 #0 - SUBJECT ADDED ENTRY--TOPICAL TERM
Topical term or geographic name entry element Theological anthropology
General subdivision Hinduism.

No items available.

Powered by Koha